Books in Romanian Quiz Stats

 Plays Quiz Updated Mar 15, 2018

Score 0/20 Timer 05:00
0 Plays Today
Hint Book Title % Correct
Animal Farm
95.7%
Charlotte's Web
93.3%
Charlie and the Chocolate Factory
91.6%
Pride and Prejudice
90.9%
To Kill a Mockingbird
89.2%
War and Peace
81.7%
The Last of the Mohicans
81.4%
The Catcher in the Rye
80.4%
A Farewell to Arms
75.7%
The Metamorphosis
75.7%
Hint Book Title % Correct
Madame Bovary
74.3%
The Hitchhiker's Guide to the Galaxy
73.4%
Of Mice and Men
73.1%
The English Patient
71.6%
Lord of the Flies
70.6%
Treasure Island
69.4%
All Quiet on the Western Front
66.5%
The Time Machine
65.5%
The Kite Runner
64.1%
Slaughterhouse-Five
63.6%

You're not logged in!

Compare scores with friends on all Sporcle quizzes.
OR
Log In

You Might Also Like...

Show Comments

Extras

Top Quizzes Today


Score Distribution

Your Account Isn't Verified!

In order to create a playlist on Sporcle, you need to verify the email address you used during registration. Go to your Sporcle Settings to finish the process.

Report this User

Report this user for behavior that violates our Community Guidelines.

Details: